Normal view
MARC view
- دويدار،محمد
Entry Personal Name
001 - CONTROL NUMBER
- control field: 33936
003 - CONTROL NUMBER IDENTIFIER
- control field: JO-AjAnu
005 - DATE AND TIME OF LATEST TRANSACTION
- control field: 20230606075705.0
008 - FIXED-LENGTH DATA ELEMENTS
- fixed length control field: 230606|| aca||aabn | a|a d
040 ## - CATALOGING SOURCE
- Original cataloging agency: JO-AjAnu
- Transcribing agency: JO-AjAnu
100 ## - HEADING--PERSONAL NAME
- Personal name: دويدار،محمد
670 ## - SOURCE DATA FOUND
- Source citation: Work cat.: (JO-AjAnu)17430: دويدار،محمد, author, مبادئ الإقتصاد السياسي : الإقتصاد الدولي : ميزان المدفوعات و العلاقات الإقتصادية الدولية - الإقتصاد الدولي المعاصر - التفسير النظري للعلاقات الإقتصادية الدولية